000 00827nam a22001937a 4500
003 NALT
005 20260209105116.0
008 s2552 th tha d
040 _aNALT
041 _atha
050 _aAS 494
_bจ344ป 2552
100 0 _aจำนงค์ ทองประเสริฐ
_926529
245 1 0 _aประวัติความเป็นมาของราชบัณฑิตยสถานจนถึง พ.ศ. 2523 /
_cจำนงค์ ทองประเสริฐ
260 _aกรุงเทพฯ :
_bมูลนิธิจำนงค์ ทองประเสริฐ,
_c2552.
300 _a107 หน้า ;
_b
_c21 ซม.
610 2 4 _aราชบัณฑิตยสถาน
_xประวัติ
_936487
850 _aNALT
942 _cGB
_2lcc
999 _c74665
_d74665
998 _j104
_k นางสาวสายฝน ดีงาม